000 00619nam a2200193Ii 4500
003 JO-AjNU
008 230605s9999||||xx |||||||||||||| ||und||
040 _aJO-AjNU
_bara
_erda
_cJO-AjNU
041 _aara
050 1 4 _aRA418.S9286 1992
100 3 _aعثمان، سعاد واخرون,
_eauthor
_945784
245 0 0 _aالصحة والمرض
264 3 1 _aاسكندريه:دار المعرفة االجامعية ، 1992
300 _a332ص
336 _atext
_btxt
_2rdacontent
337 _aunmediated
_bn
_2rdamedia
338 _avolume
_bnc
_2rdacarrier
650 4 _aالاجتماع الطبي-علم
_945785
999 _aA19871
_c23439
_d23439